Function and Translation of the Cockney Dialect in Selected Audiovisual Works bakalárska práca

Salvato in:
Dettagli Bibliografici
Autore principale: Kovács, Petra
Ente Autore: Fakulta aplikovaných jazykov EU v Bratislave. Katedra jazykovedy a translatológie
Altri autori: Vargová, Dominika, 1987-
Natura: Libro
Lingua:inglese
Pubblicazione: Bratislava 2019
Tags: Aggiungi Tag
Nessun Tag, puoi essere il primo ad aggiungerne!!

MARC

LEADER 00000nbm a2200000 4500
001 0254666
005 20191106105018.5
041 0 |a eng 
044 |a SK 
245 1 0 |a Function and Translation of the Cockney Dialect in Selected Audiovisual Works  |b bakalárska práca  |c Petra Kovács ; školiteľ: Dominika Vargová 
264 1 |a Bratislava  |c 2019 
300 |a 63 s. 
100 1 |a Kovács, Petra 
700 1 |a Vargová, Dominika, 1987- 
710 2 |a Fakulta aplikovaných jazykov EU v Bratislave. Katedra jazykovedy a translatológie